[Event "Kaluga Tsiolkovsky Memorial op"]
[Site "Kaluga"]
[Date "2016.08.14"]
[Round "8"]
[White "Yakutkin, Sergey"]
[Black "Antipov, Vladimir"]
[Result "0-1"]
[WhiteElo "1165"]
[BlackElo "1863"]
[PlyCount "52"]
[EventDate "2016.08.06"]
[EventType "swiss"]
[EventRounds "9"]
[EventCountry "RUS"]
[SourceTitle "CBM 174 Extra"]
[Source "ChessBase"]
[SourceDate "2016.10.10"]
[SourceVersion "1"]
[SourceVersionDate "2016.10.10"]
[SourceQuality "1"]

1. d4 d5 2. Nf3 Nf6 3. e3 Nbd7 4. Bd3 c6 5. c4 g6 6. Nbd2 Bg7 7. b3 0-0 8. 0-0 e5 9. cxd5 cxd5 10. Ba3 e4 11. Bxf8 Bxf8 12. Bxe4 Nxe4 13. Nxe4 dxe4 14. Nd2 f5 15. f3 exf3 16. Qxf3 Nf6 17. Qe2 Be6 18. Nf3 Bd5 19. Rac1 Bd6 20. Ne5 Qe8 21. Qb2 Qe7 22. Rfe1 Ba3 23. Rc7 Qxc7 24. Qxa3 Qc2 25. Nf3 Ng4 26. Rf1 Nxe3 0-1

[Event "Kaluga Tsiolkovsky Memorial op"]
[Site "Kaluga"]
[Date "2016.08.09"]
[Round "4"]
[White "Skripchenko, Vladimir N"]
[Black "Yakutkin, Sergey"]
[Result "1-0"]
[WhiteElo "1798"]
[BlackElo "1165"]
[PlyCount "39"]
[EventDate "2016.08.06"]
[EventType "swiss"]
[EventRounds "9"]
[EventCountry "RUS"]
[SourceTitle "CBM 174 Extra"]
[Source "ChessBase"]
[SourceDate "2016.10.10"]
[SourceVersion "1"]
[SourceVersionDate "2016.10.10"]
[SourceQuality "1"]

1. e4 e5 2. f4 exf4 3. Nf3 d6 4. d4 Nf6 5. Bd3 Be7 6. Bxf4 Bg4 7. h3 Bxf3 8. Qxf3 Nc6 9. c3 h6 10. Nd2 d5 11. e5 Nh7 12. 0-0 0-0 13. Bc2 Ng5 14. Qd3 g6 15. h4 Ne6 16. Bxh6 Re8 17. Rxf7 Nf4 18. Rxf4 Kh8 19. Qxg6 Rg8 20. Qh7# 1-0

[Event "Kaluga Tsiolkovsky Memorial op"]
[Site "Kaluga"]
[Date "2016.08.07"]
[Round "2"]
[White "Litvinova, Evgenia"]
[Black "Yakutkin, Sergey"]
[Result "1-0"]
[WhiteElo "1666"]
[BlackElo "1165"]
[PlyCount "65"]
[EventDate "2016.08.06"]
[EventType "swiss"]
[EventRounds "9"]
[EventCountry "RUS"]
[SourceTitle "CBM 174 Extra"]
[Source "ChessBase"]
[SourceDate "2016.10.10"]
[SourceVersion "1"]
[SourceVersionDate "2016.10.10"]
[SourceQuality "1"]

1. Nf3 Nf6 2. g3 d5 3. d4 c6 4. Bg2 e6 5. 0-0 Bd6 6. Bg5 Nbd7 7. Nbd2 0-0 8. c4 h6 9. Be3 Bb4 10. Qb3 Be7 11. h3 Qc7 12. c5 e5 13. dxe5 Nxe5 14. Nxe5 Qxe5 15. Nf3 Qc7 16. Rac1 Nh5 17. Qd3 Rd8 18. b4 Be6 19. Nd4 Bf6 20. Qd2 Bxd4 21. Bxd4 Qe7 22. g4 Nf6 23. Qb2 Ne8 24. f4 g6 25. f5 gxf5 26. gxf5 Bd7 27. Rf3 f6 28. Rg3+ Kf7 29. Rf1 Ng7 30. Re3 Qf8 31. Bxf6 Nxf5 32. Rxf5 Bxf5 33. Re7+ 1-0

[Event "Kaluga Tsiolkovsky Memorial op"]
[Site "Kaluga"]
[Date "2016.08.06"]
[Round "1"]
[White "Yakutkin, Sergey"]
[Black "Shumovsky, Nikolay"]
[Result "0-1"]
[WhiteElo "1165"]
[BlackElo "1907"]
[PlyCount "44"]
[EventDate "2016.08.06"]
[EventType "swiss"]
[EventRounds "9"]
[EventCountry "RUS"]
[SourceTitle "CBM 174 Extra"]
[Source "ChessBase"]
[SourceDate "2016.10.10"]
[SourceVersion "1"]
[SourceVersionDate "2016.10.10"]
[SourceQuality "1"]

1. d4 e6 2. Nf3 Nf6 3. Nbd2 d5 4. e3 Nbd7 5. b3 Bd6 6. Bb2 c6 7. Bd3 0-0 8. 0-0 Re8 9. Ne5 Nf8 10. f4 a5 11. g4 Ng6 12. g5 Ne4 13. Bxe4 dxe4 14. Nxe4 Bxe5 15. dxe5 Ne7 16. Rf3 Nf5 17. Rh3 Qxd1+ 18. Rxd1 b6 19. c4 c5 20. Rf3 Bb7 21. Rff1 Bxe4 22. Rf2 Red8 0-1